000 00481 a2200157 4500
999 _c6808
_d6808
020 _a68020535 -LC
050 0 0 _aG530 HEY 1950
100 1 _aHeyerdahl, Thor.
_eauthor
245 0 4 _aThe Kon-Tiki Expedition :
_cThor Heyerdahl
_bby raft across the South seas /
264 _aLondon :
_bGeorge Allen & Unwin,
_c1950.
300 _a224 p.
_billus. (part col.), col. map.
500 _aIncludes index
650 0 _aPolynesians.
651 0 _aPacific Ocean.
942 _2lcc
_cBK
_h530
_iHEY
_kG